000 00743nas a2200241 4500
001 BR0706325
003 BR-BrBNA
005 20231205111249.0
007 ta
008 230509b bl.|||p| |||| 00| 00por d
040 _aBR-BrBNA
_bpor
_cBiblioteca Nacional de Agricultura
041 _a(Pt)
072 _aL50; L70
100 1 _aNeves, M.M.
100 1 _aMarques Jr, A.P.
245 1 _aTamanho da amostra para estudo da proporção volumétrica dos constituintes do corpo lúteo bovino
650 _aBOVINO
650 _aCORPO LÚTEO
650 _aVOLUME
773 0 _tArchives of Veterinary Science (Brazil)
_xISSN 1517-784X
_g(2002), v. 7(2) p. 81-85
_wBR0706325
909 _a202311
_bLúcia
_c55
_dLúcia Elande
942 _2AGRIS
_n0
_cANA
999 _c191703
_d191703